Minnesota Timberwolves 2023/2024 - Statistics

General Stats
  • This quiz has been taken 60 times
  • The average score is 13 of 17
Answer Stats
Hint Answer % Correct
Sg Anthony Edwards
100%
C Rudy Gobert
100%
Pf Karl-Anthony Towns
97%
C Naz Reid
97%
Sf Jaden Mcdaniels
94%
Pg Mike Conley
94%
C Luka Garza
84%
Sg Nickeil Alexander-Walker
84%
Pg Jordan McLaughlin
78%
Sf Kyle Anderson
75%
Sg Shake Milton
72%
Sf Troy Brown Jr
63%
F Josh Minott
56%
F Leonard Miller
56%
G Wendell Moore Jr
56%
G Jaylen Clark
50%
Sg Daishen Nix
47%
No matching quizzes found
Score Distribution
Percent of People with Each Score
Percentile by Number Answered
Your Score History
You have not taken this quiz